000 00548nam a2200205Ia 4500
005 20250508152441.0
008 008 250505s9999 xx 000 0 eng d
037 _aTextual
040 _aFEDL
_beng
_cFEDL
041 _aeng
_2eng
084 _a150.1932, WOO
_qFEDL
100 _aWoodworth Robert S
245 0 _aDynamics of behavior
260 _aLondon, UK
_bMethuen and Co. Ltd
_c1958
300 _ax,403p.
365 _aINR
_b22.8
650 _aPsychology
942 _cTEXL
_h150.1932, WOO
999 _c1336499
_d1336499